00166nam a22000737a 4500082001200000245003700012260003500049300000800084 a658 IND aIndustry 2000 - New Perspectives aNew YorkbUnited Nationsc1979 a242